|
|
|
|
| LEADER |
00000nam a2200000 4500 |
| 008 |
160512b2014 M ||||| |||| 00| | spa d |
| 020 |
|
|
|a 9786074510959
|
| 090 |
|
|
|a 06.06.01
|b 2205
|
| 110 |
2 |
|
|9 1754
|a Asociación Nacional de Universidades e Instituciones de Educación Superior (ANUIES)
|
| 245 |
1 |
0 |
|a PATLANI: encuesta nacional de movilidad estudiantil internacional de México 2011-2012 /
|c ANUIES
|
| 260 |
|
|
|a México :
|b ANUIES,
|c 2014
|
| 300 |
|
|
|a 114 páginas ;
|b ilustraciones
|
| 490 |
|
|
|a Documentos ANUIES
|
| 650 |
1 |
4 |
|9 332
|a ESTUDIANTES
|
| 650 |
1 |
4 |
|9 1663
|a MOVILIDAD ESTUDIANTIL
|
| 650 |
1 |
4 |
|9 586
|a ESTADISTICAS DE LA EDUCACION
|
| 650 |
1 |
4 |
|9 1755
|a PATLANI
|
| 651 |
|
4 |
|9 19
|a MÉXICO
|
| 942 |
|
|
|i 003896
|h 06.06.01 2205
|2 z
|c 01
|
| 999 |
|
|
|c 3225
|d 3225
|